| 000 -LEADER |
| fixed length control field |
00382nam a2200133Ia 4500 |
| 008 - FIXED-LENGTH DATA ELEMENTS--GENERAL INFORMATION |
| fixed length control field |
180730s9999||||xx |||||||||||||| ||und|| |
| 020 ## - INTERNATIONAL STANDARD BOOK NUMBER |
| International Standard Book Number |
817496245X |
| 082 ## - DEWEY DECIMAL CLASSIFICATION NUMBER |
| Classification number |
340 |
| Item number |
BHA/T |
| 100 ## - MAIN ENTRY--PERSONAL NAME |
| Personal name |
Bhargava, Amit |
| 245 #0 - TITLE STATEMENT |
| Title |
Taxmann's Foreign Exchange Act With Rules & Regulations Under Fema |
| 260 ## - PUBLICATION, DISTRIBUTION, ETC. |
| Place of publication, distribution, etc. |
New Delhi |
| Name of publisher, distributor, etc. |
Taxmann Allied Services Pvt. Ltd. |
| Date of publication, distribution, etc. |
2000 |
| 300 ## - PHYSICAL DESCRIPTION |
| Extent |
3.154 |
| 942 ## - ADDED ENTRY ELEMENTS (KOHA) |
| Koha item type |
Book |